00666nam a2200205Ia 4500003000900000008004100009040001300050040001300063041000800076100001700084100000900101245005700110250002200167260000900189300001000198490000900208600021400217700001800431700001100449IT-RoPAU120407s9999 xx 000 0 und d aIT-RoPAU cIT-RoPAU aita aDain Cohenel csac. aLa S. Scrittura. Psicologia, commento, meditazione . aGravina di Puglia c1930 c24 cm v1313 a"1. Genesi 2. Esodo -Levitico 3. Numeri-Deutoronomio 4 Giosuè€. Giudici. Ruth. 5.- 6. 7. Paralipomeni. 8. Esdra. Tobia. Giuditta. 9. Giobbe. 10-11. I Salmi. 12. Proverbi. Ecclesiastico. 13. Sapienza Eccli " aRuotolo Dol.  cindice